مكتبة جامعة عجلون الوطنية

فهرس بحث المكتبة

Normal view MARC view
  • تطور المؤسسات التربوية في الوطن العربي ودورها في تنمية المجتمع-المؤسسات التربوية

Entry Topical Term

Number of records used in: 1

001 - CONTROL NUMBER

  • control field: 52768

003 - CONTROL NUMBER IDENTIFIER

  • control field: JO-AjAnu

005 - DATE AND TIME OF LATEST TRANSACTION

  • control field: 20230606082654.0

008 - FIXED-LENGTH DATA ELEMENTS

  • fixed length control field: 230606|| aca||aabn | a|a d

040 ## - CATALOGING SOURCE

  • Original cataloging agency: JO-AjAnu
  • Transcribing agency: JO-AjAnu

150 ## - HEADING--TOPICAL TERM

  • Topical term or geographic name entry element: تطور المؤسسات التربوية في الوطن العربي ودورها في تنمية المجتمع-المؤسسات التربوية

670 ## - SOURCE DATA FOUND

  • Source citation: Work cat.: (JO-AjAnu)26962: فتوني،علي عبد, author 52767, تطور المؤسسات التربوية في الوطن العربي ودورها في تنمية المجتمع